000 00782nab a2200241 u 4500
001 17226
003 HDC
007 cr bn ---aaaaa
008 210223c mydr|noo 0 a may d
040 _aHDC
245 0 _aSabah/Sarawak: Sabah yakin mampu tingkat pengeluaran makanan
260 _aMalaysia :
_bBerita Harian,
_c2002
336 _atext
_2rdacontent
337 _acomputer
_2rdamedia
338 _aonline resource
_2rdacarrier
650 _aexport food
_916721
650 _afood manufacturer
_91108
710 _aBerita Harian
856 _zRequest full-text at [email protected]
942 _2lcc
942 _cNEWS
942 _kNWSO 008607
999 _c14542
_d14542